|
000
|
00935nam0 22002531 450
|
|
001
|
0126152655
|
|
005
|
20241126152655.0
|
|
010
|
|
@a978-7-5317-5252-3@dCNY48.00
|
|
100
|
|
@a20240115d2023 em y0chiy0121 ea
|
|
101
|
0
|
@achi
|
|
102
|
|
@aCN@b230000
|
|
105
|
|
@aaf z 000ay
|
|
106
|
|
@ar
|
|
200
|
1
|
@a太阳雨@Atai yang yu@h上@f江水平著
|
|
210
|
|
@a哈尔滨@c北方文艺出版社@d2023.03
|
|
215
|
|
@a508页@c彩图@d21cm
|
|
314
|
|
@a江水平, 本名陈明印。男, 1954年出生于中国武汉。湖北省荆州市史志办专职摄影、图片编辑。
|
|
330
|
|
@a本书以二十世纪七十年代初为背景, 以湖北江汉平原为依托, 再现了美丽富饶的鱼米之乡和丰富多样的物产生态 ; 描写了湘鄂西古老奇特的民俗风情, 以及洪湖水乡的真实生活。
|
|
606
|
0
|
@a长篇小说@Achang pian xiao shuo@y中国@z当代
|
|
690
|
|
@aI2407@v5
|
|
690
|
|
@aI247.57@v5
|
|
701
|
0
|
@a江水平,@Ajiang shui ping@f1954-@4著
|
|
801
|
0
|
@aCN@b人天书店@c20240115
|
|
905
|
|
@aCKNYKJZYXY@b300717935-7@dI2407@e4097@f3
|
|
|
|
|
| |
| 太阳雨.上/江水平著.-哈尔滨:北方文艺出版社,2023.03 |
| 508页:彩图;21cm |
| |
| |
| ISBN 978-7-5317-5252-3:CNY48.00 |
| 本书以二十世纪七十年代初为背景, 以湖北江汉平原为依托, 再现了美丽富饶的鱼米之乡和丰富多样的物产生态 ; 描写了湘鄂西古老奇特的民俗风情, 以及洪湖水乡的真实生活。 |
| ● |
正题名:太阳雨
索取号:I2407/4097
 
预约/预借
| 序号
|
登录号
|
条形码
|
馆藏地/架位号
|
状态
|
备注
|
|
1
|
717935
|
300717935
|
柳城-3楼/柳城-3楼27架9列5层/
[索取号:I2407/4097]
|
在馆
|
|
|
2
|
717936
|
300717936
|
柳城-3楼/27架10列4层/
[索取号:I2407/4097]
|
在馆
|
|
|
3
|
717937
|
300717937
|
柳城-3楼/柳城-3楼27架9列5层/
[索取号:I2407/4097]
|
在馆
|
|